| 000 | 00508nam a2200157 a 4500 | ||
|---|---|---|---|
| 001 | 000016583 | ||
| 005 | 20200929164930.0 | ||
| 008 | 100308s1988 dr a r 000 0 spa d | ||
| 040 |
_aDO-SdBNP _bspa _cBNPHU |
||
| 082 |
_axxxx _bS583p |
||
| 100 | 1 |
_aSilié Gatón, Domingo _917549 |
|
| 245 | 1 | 0 |
_aProyecciones morales y cívicas / _cDomingo Silié Gatón; prólogo José Rijo. |
| 260 |
_aSanto Domingo _aGráfica Profesional, _c1988. |
||
| 300 |
_a63 p. : _bil. ; _c21 cm. |
||
| 700 | 1 |
_aRijo, José, _epról. _917550 |
|
| 999 |
_c16116 _d16116 |
||